[Event "BEL-ch (Women)"]
[Site "Ghent"]
[Date "1989.08.01"]
[Round "4"]
[White "Vrijsen, Danielle"]
[Black "Baekelandt, Els"]
[Result "1/2-1/2"]
[WhiteElo "1774"]
[BlackElo "1521"]
[PlyCount "111"]
[EventDate "1989.07.28"]
[EventType "tourn"]
[EventRounds "9"]
[EventCountry "BEL"]
[SourceTitle "EXT 2005"]
[Source "ChessBase"]
[SourceDate "2004.11.15"]
[SourceVersion "1"]
[SourceVersionDate "2004.11.15"]
[SourceQuality "1"]

1. Nf3 Nf6 2. c4 c5 3. g3 b6 4. Bg2 Bb7 5. 0-0 Nc6 6. b3 g6 7. Bb2 Bg7 8. Nc3 0-0 9. d3 d6 10. e4 e5 11. Ne2 Re8 12. Qd2 Qe7 13. a3 a6 14. Nh4 Nh5 15. Bh3 Bf6 16. Ng2 Ng7 17. f4 Ne6 18. f5 Ned4 19. Nxd4 Nxd4 20. Bxd4 cxd4 21. Rf3 Bc8 22. fxg6 fxg6 23. Bxc8 Raxc8 24. b4 Rf8 25. Raf1 Bg7 26. Ne1 Rxf3 27. Rxf3 Rf8 28. Qg2 Qg5 29. Rxf8+ Bxf8 30. Qe2 Qc1 31. a4 Qa1 32. Kg2 Qxa4 33. Nf3 Qxb4 34. Ng5 Qa4 35. Qg4 Qe8 36. Ne6 Qf7 37. Nxf8 Qxf8 38. Qe6+ Kg7 39. Qd7+ Kg8 40. Qb7 Qd8 41. Qxa6 Kg7 42. Qb7+ Kh6 43. h4 g5 44. Qf7 gxh4 45. Qe6+ Kg7 46. Qg4+ Kf7 47. Qh5+ Kg7 48. Qg4+ Kf7 49. Qh5+ Kg7 50. Qg4+ Kh8 51. gxh4 Qg8 52. Kg3 h5 53. Qg5 Qxg5+ 54. hxg5 Kg7 55. Kh3 Kh7 56. Kg3 1/2-1/2

[Event "BEL-ch (Women)"]
[Site "Ghent"]
[Date "1989.07.31"]
[Round "3"]
[White "Finegold, Gina Lynne"]
[Black "Vrijsen, Danielle"]
[Result "1-0"]
[WhiteElo "2040"]
[BlackElo "1774"]
[PlyCount "55"]
[EventDate "1989.07.28"]
[EventType "tourn"]
[EventRounds "9"]
[EventCountry "BEL"]
[SourceTitle "EXT 2005"]
[Source "ChessBase"]
[SourceDate "2004.11.15"]
[SourceVersion "1"]
[SourceVersionDate "2004.11.15"]
[SourceQuality "1"]

1. d4 b5 2. e4 a6 3. Nf3 e6 4. Bd3 Bb7 5. 0-0 Nf6 6. Bg5 Be7 7. Nbd2 0-0 8. c3 d6 9. Qc2 h6 10. Bxf6 Bxf6 11. e5 dxe5 12. dxe5 Be7 13. Rad1 c5 14. Ne4 Qc7 15. Qe2 Nd7 16. Bb1 Nxe5 17. Nxe5 Qxe5 18. Rd7 Bxe4 19. Rxe7 f5 20. Rd7 Qf4 21. Bxe4 fxe4 22. f3 Qe5 23. Re1 Rf6 24. Qxe4 Qg5 25. Qxa8+ Kh7 26. Qe4+ Rg6 27. f4 Qh4 28. Re3 1-0